000
00229 a2200097 4500
001
20120
100
_a
Mahmood SF
245
_a
Tarrikh Adbeyat Muslmanaan Pak -0- Hind
260
_a
_b
Punjab University
_c
090
_c
14714
_d
14714
942
_a
NUST-CAE
_c
M
_c
5241
999
_c
255193
_d
255193